MARC details
| 000 -LEADER |
| fixed length control field |
02333cam a2200565Ia 4500 |
| 001 - CONTROL NUMBER |
| control field |
ocn794359126 |
| 003 - CONTROL NUMBER IDENTIFIER |
| control field |
OCoLC |
| 005 - DATE AND TIME OF LATEST TRANSACTION |
| control field |
20200320191942.0 |
| 008 - FIXED-LENGTH DATA ELEMENTS--GENERAL INFORMATION |
| fixed length control field |
120527s2013 nyua j 000 1 eng d |
| 020 ## - INTERNATIONAL STANDARD BOOK NUMBER |
| International Standard Book Number |
9780449814383 (pbk.) |
| 020 ## - INTERNATIONAL STANDARD BOOK NUMBER |
| International Standard Book Number |
0449814386 (pbk.) |
| 020 ## - INTERNATIONAL STANDARD BOOK NUMBER |
| International Standard Book Number |
9780375971594 (lib. bdg.) |
| 020 ## - INTERNATIONAL STANDARD BOOK NUMBER |
| International Standard Book Number |
0375971599 (lib. bdg.) |
| 020 ## - INTERNATIONAL STANDARD BOOK NUMBER |
| International Standard Book Number |
9781451792157 (Paw Prints) |
| 020 ## - INTERNATIONAL STANDARD BOOK NUMBER |
| International Standard Book Number |
1451792158 (Paw Prints) |
| 020 ## - INTERNATIONAL STANDARD BOOK NUMBER |
| Terms of availability |
14.95 |
| 029 1# - (OCLC) |
| OCLC library identifier |
AU@ |
| System control number |
000051617059 |
| 029 1# - (OCLC) |
| OCLC library identifier |
NZ1 |
| System control number |
14941171 |
| 035 ## - SYSTEM CONTROL NUMBER |
| System control number |
(OCoLC)794359126 |
| 040 ## - CATALOGING SOURCE |
| Original cataloging agency |
BTCTA |
| Language of cataloging |
eng |
| Transcribing agency |
BTCTA |
| Modifying agency |
YDXCP |
| -- |
IHZ |
| -- |
IOS |
| -- |
T7A |
| -- |
IEP |
| -- |
DAD |
| -- |
UUD |
| -- |
WACOL |
| 049 ## - LOCAL HOLDINGS (OCLC) |
| Holding library |
WACL |
| 050 #4 - LIBRARY OF CONGRESS CALL NUMBER |
| Classification number |
PZ7.H267447 |
| Item number |
Dan 2013 |
| 092 ## - LOCALLY ASSIGNED DEWEY CALL NUMBER (OCLC) |
| Classification number |
EASY READER HARVEY |
| 092 ## - LOCALLY ASSIGNED DEWEY CALL NUMBER (OCLC) |
| Classification number |
E |
| Item number |
Har |
| 100 1# - MAIN ENTRY--PERSONAL NAME |
| Personal name |
Harvey, Alex. |
| 9 (RLIN) |
5872649 |
| 245 10 - TITLE STATEMENT |
| Title |
Dancing with the star / |
| Statement of responsibility, etc |
by Alex Harvey ; illustrated by Stephen Reed. |
| 246 1# - VARYING FORM OF TITLE |
| Display text |
At head of title: |
| Title proper/short title |
Nickelodeon SpongeBob Squarepants |
| 250 ## - EDITION STATEMENT |
| Edition statement |
1st ed. |
| 260 ## - PUBLICATION, DISTRIBUTION, ETC. (IMPRINT) |
| Place of publication, distribution, etc |
New York : |
| Name of publisher, distributor, etc |
Random House, |
| Date of publication, distribution, etc |
c2013. |
| 300 ## - PHYSICAL DESCRIPTION |
| Extent |
32 p. : |
| Other physical details |
col. ill. ; |
| Dimensions |
23 cm. |
| 490 1# - SERIES STATEMENT |
| Series statement |
Step into reading. Step 2, reading with help |
| 500 ## - GENERAL NOTE |
| General note |
"Based on the TV series SpongeBob SquarePants created by Stephen Hillenburg as seen on Nickelodeon"--T.p. verso. |
| 521 ## - TARGET AUDIENCE NOTE |
| Target audience note |
Preschool-grade 1. |
| 520 ## - SUMMARY, ETC. |
| Summary, etc |
Mr. Krabs decides to hold a dance competition to bring more customers to Krusty Krab, and while everyone gets out their dancing shoes, SpongeBob tries to help Patrick get ready for the competition. |
| 650 #0 - SUBJECT ADDED ENTRY--TOPICAL TERM |
| Topical term or geographic name as entry element |
SpongeBob SquarePants (Fictitious character) |
| Form subdivision |
Juvenile fiction. |
| 9 (RLIN) |
5711579 |
| 650 #0 - SUBJECT ADDED ENTRY--TOPICAL TERM |
| Topical term or geographic name as entry element |
Marine animals |
| Form subdivision |
Juvenile fiction. |
| 9 (RLIN) |
5679224 |
| 650 #0 - SUBJECT ADDED ENTRY--TOPICAL TERM |
| Topical term or geographic name as entry element |
Dance |
| General subdivision |
Competitions |
| Form subdivision |
Juvenile fiction. |
| 9 (RLIN) |
5885485 |
| 655 #7 - INDEX TERM--GENRE/FORM |
| Genre/form data or focus term |
Radio and television novels. |
| Source of term |
gsafd |
| 9 (RLIN) |
5885486 |
| 655 #0 - INDEX TERM--GENRE/FORM |
| Genre/form data or focus term |
Humorous stories. |
| 9 (RLIN) |
5674373 |
| 700 1# - ADDED ENTRY--PERSONAL NAME |
| Personal name |
Reed, Stephen, |
| Dates associated with a name |
1975- |
| 9 (RLIN) |
5872664 |
| 710 2# - ADDED ENTRY--CORPORATE NAME |
| Corporate name or jurisdiction name as entry element |
Nickelodeon (Television network) |
| 9 (RLIN) |
51786 |
| 730 0# - ADDED ENTRY--UNIFORM TITLE |
| Uniform title |
SpongeBob SquarePants (Television program) |
| 9 (RLIN) |
5885487 |
| 830 #0 - SERIES ADDED ENTRY--UNIFORM TITLE |
| Uniform title |
Step into reading. |
| Number of part/section of a work |
Step 2 book. |
| 9 (RLIN) |
22655 |
| 938 ## - |
| -- |
Baker and Taylor |
| -- |
BTCP |
| -- |
BK0011264478 |
| 938 ## - |
| -- |
YBP Library Services |
| -- |
YANK |
| -- |
9673624 |
| 942 ## - ADDED ENTRY ELEMENTS (KOHA) |
| Koha item type |
BOOK |
| 948 ## - LOCAL PROCESSING INFORMATION (OCLC); SERIES PART DESIGNATOR (RLIN) |
| Series part designator, SPT (RLIN) |
01/22/2014 |
| z (OCLC) |
Sirsi |
| 994 ## - |
| -- |
02 |
| -- |
WACOL |
| 996 ## - |
| -- |
106521 |
| -- |
34301001375395 |
| -- |
EL |
| -- |
bk |
| -- |
wcl |
| -- |
i |
| -- |
37 |
| -- |
14.95 |
| -- |
rainbow |
| -- |
Har |
| -- |
01/24/2014 |
| -- |
03/05/2020 |
| -- |
03/03/2020 |